000 03249cam a22012014i 4500
003 PE-LiUPU
005 20250813185453.0
008 150623s r 000 0 d
020 _a8441407746
035 _a(Sirsi) i9788441407749
040 _aPE-LiUPU
_bspa
_cPE-LiUPU
_erda
049 _aPRUA
082 0 4 _a362.293
_bG25
_221
100 1 _aGarcía-Rodríguez, José Antonio,
_d1958-,
_eautor.
245 1 0 _aMi hijo, las drogas y yo :
_btodo lo que padres y educadores necesitan saber sobre la educación y prevención en el consumo de drogas entre adolescentes /
_cJosé Antonio García-Rodríguez.
264 1 _aBuenos Aires :
_bEdaf,
_c2000.
300 _a295 p :
_bilustraciones tablas ;
_c23 centímetros
336 _atext
_2rdacontent
337 _aunmediated
_2rdamedia
338 _avolume
_2rdacarrier
490 0 _aTu Hijo y Tú ;
_v12
505 0 _aPara qué sirve este libro. ¿Tengo que preocuparme?. Yo consumo, tú consumes, él consume. Papá/Mamá, ¿qué son las drogas?. Pero ¿Puedo hacer algo ante este problema?. Los padres policía. ¡Cámaras!, ¡Acción!. ¿Cuales son las claves del éxito?. A modo de conclusión. En caso de necesidad, ¿donde puedo acudir?. Solucione aquí sus dudas.
526 _aP202
526 _aP201
526 _aP163
526 _aP162
526 _aP161
526 _aP160
526 _aP148
526 _aP147
526 _aP146
526 _aP145
526 _aP144
526 _aP143
526 _aP142
526 _aP141
526 _aP140
526 _aP139
526 _aP138
526 _aP137
526 _aP136
526 _aP135
526 _aP134
526 _aP133
526 _aP129
526 _aP128
526 _aP127
526 _aP120
526 _aP119
526 _aP118
526 _aP116
526 _aP115
526 _aP114
526 _aP110
526 _aP109
526 _aP108
526 _aP104
526 _aP103
526 _aP102
526 _aP99
526 _aP98
526 _aP97
526 _aP96
526 _aP95
526 _aP93
526 _aP90
526 _aP89
526 _aP88
526 _aP83
526 _aP82
526 _aP62
526 _aP59
526 _aP58
526 _aP57
526 _aP51
526 _aP49
526 _aP48
526 _aP47
526 _aP29
526 _aP24
526 _aP20
526 _aP19
526 _aP17
526 _aP15
526 _aP14
526 _aP12
526 _aP10
526 _aP09
526 _aP08
526 _aP07
526 _aP06
526 _aP05
526 _aP04
526 _aP01
650 0 4 _aDrogadicción
_xPrevención.
650 0 4 _aEscolares
_xUso de drogas
_xPrevención.
942 _2ddc
_cBOOK
949 _a362.293 G25
_wDEWEY
_c1
_i52704
_lCCODEBUL1
_mBUL
_p11.00
_r0
_sY
_tBOOK
_u2015-6-24
_xTEOLOGIA
_PP35
_0COMPRA
_o.STAFF. Colección General
994 _aC0
_bPEPRU
596 _a1
999 _a362.293 G25
_wDEWEY
_c34563
_i52704
_f2021-11-5
_g6
_lCCODEBUL1
_mBUL
_p11.00
_r0
_sY
_tBOOK
_u2015-6-24
_xBIBLIOTECA
_PP35
_0COMPRA
_o.STAFF. Colección General
_d34563
980 _81
_gALBERTO SANCHEZ Responsable de Automatización